Quizzes
Events
Quiz Creation
Community
Videos
Private Events
Remove Ads
Sign In
Join for FREE
Feedback
Dark Mode
Quiz Categories
Sports
Geography
Music
Movies
Television
Just For Fun
Miscellaneous
History
Literature
Language
Science
Gaming
Entertainment
Religion
Holiday
For Kids
Quiz Lab
Recent
Popular Today
Quiz Kudos Today
Editor Picks
Curator Picks
Quizzes by...
Day
Popularity
Type
Ratings
Length
Year
Community
Subscriptions
Recent Discussions
Orange Saloon
Badges
Playlists
Quests
Create
Leaderboards
Showdown
Live 5
Trivia Bingo
Activity
Puzzle Library
Sporcle Events
Private Events
Virtual Trivia
Globe League
Become a Host
Pub Owners
SporcleCon
Opinionation
Our Games
Videos
Blog
Mobile Apps
Partnerships
Remove Ads and Go Orange
Feedback
Sports
Athletes
MLB
NBA
NHL
NFL
Soccer
Sports Teams
WWE
NCAA
Football
Premier League
Basketball
Baseball
Hockey
Golf
Tennis
Cricket
Rugby
Auto Racing
Olympics
World Cup
Sports
Athletes
MLB
NBA
NHL
NFL
Soccer
Sports Teams
WWE
NCAA
Football
Premier League
Basketball
Baseball
Hockey
Golf
Tennis
Cricket
Rugby
Auto Racing
Olympics
World Cup
Random Quiz
Search Sporcle
×
Quiz Lab
Quiz Lab
Sports
NASCAR
Type in answers that appear in a list
Type in answers that appear in a list
Classic
Best Score? Go Orange.
Kansas NASCAR Winners Stats
Can you name the Kansas NASCAR Winners
By
Tuck_Epic81
20m
48 Questions
31 Plays
31 Plays
31 Plays
Comments
Comments
Give Quiz Kudos
Give Quiz Kudos
-
- Ratings
hide this ad
Replay
Link that replays current quiz
Next Quiz
Link to next quiz in quiz playlist
You Got
0%
They Got
Avg Score
61%
Avg Friend Score
Upgrade to see
Score Distribution
Jump to the score distribution portion of the page
Score
0/48
Timer
20:00
0
Plays Today
Race
Answer
% Correct
Protection One 400
Jeff Gordon
100%
Protection One 400
Jeff Gordon
100%
5 Hour Energy 400
Jeff Gordon
100%
Camping World RV 400
Jimmie Johnson
96.4%
Hollywood Casino 400
Jimmie Johnson
96.4%
Hollywood Casino 400
Matt Kenseth
92.9%
STP 400
Matt Kenseth
92.9%
Yellow Transportation 300
Kyle Busch
92.9%
Kansas Lottery 300
Matt Kenseth
92.9%
Kansas Lottery 300
Kyle Busch
92.9%
SFP 250
Kyle Busch
92.9%
Hollywood Casino 400
Kevin Harvick
89.3%
Yellow Transportation 300
Kevin Harvick
89.3%
Banquet 400
Tony Stewart
85.7%
Lifelock 400
Greg Biffle
85.7%
Price Chopper 400
Tony Stewart
85.7%
Price Chopper 400
Greg Biffle
85.7%
STP 400
Brad Keselowski
82.1%
Kansas Lottery 300
Brad Keselowski
82.1%
STP 400
Denny Hamlin
78.6%
Hollywood Casino 400
Joey Logano
78.6%
Kansas Lottery 300
Denny Hamlin
78.6%
Kansas Lottery 300
Joey Logano
78.6%
Kansas Lottery 300
Joey Logano
78.6%
Race
Answer
% Correct
Banquet 400
Ryan Newman
75%
Banquet 400
Joe Nemechek
75%
Mr.Goodcents 300
Joe Nemechek
75%
United Way 300
Kasey Kahne
71.4%
O'Reilly Auto Parts 250
Carl Edwards
71.4%
O'Reilly Auto Parts 250
Clint Bowyer
67.9%
Banquet 400
Mark Martin
64.3%
Mr.Goodcents 300
Jeff Burton
64.3%
SFP 250
Matt Crafton
57.1%
O'Reilly Auto Parts 250
Johnny Sauter
53.6%
Kansas Lottery 300
Ricky Stenhouse Jr.
42.9%
Mr.Goodcents 300
Jeff Green
39.3%
O'Reilly Auto Parts 250
Mike Bliss
39.3%
O'Reilly Auto Parts 250
Todd Bodine
39.3%
Mr.Goodcents 300
David Green
35.7%
O'Reilly Auto Parts 250
Ricky Hendrick
35.7%
O'Reilly Auto Parts 250
Ron Hornaday Jr.
35.7%
O'Reilly Auto Parts 250
Mike Skinner
35.7%
SFP 250
James Buescher
35.7%
O'Reilly Auto Parts 250
Jon Wood
25%
O'Reilly Auto Parts 250
Terry Cook
21.4%
O'Reilly Auto Parts 250
Erik Darnell
21.4%
Xfinity Series
7.1%
Camping World Truck Series
7.1%
Quiz Playlist
Details
Report
Send in Message
Add To Playlist
Classic:
Type in answers that appear in a list
Last Updated: Feb 16, 2017
Quiz Scoreboard
CHALLENGE
Sign Up to Join the Scoreboard
Show All
Scores
Hide
Comments
May contain spoilers
Recently Published
An Introduction to Baseball
by treessimontrees
Sports
5m
Movies - When Are They Set?
by FPL_Elf
Movies
5m
Popular People in 1961
by mucciniale
History
6m
More to Explore
Quiz From the Vault
Featured Blog Post
Where Did the Easter Bunny Come From?
hide this ad
You Might Also Like...
Tags
NASCAR
Winner
Today's Top Quizzes in Sports
Browse Sports
hide this ad
Today's Top Quizzes in NASCAR
Browse NASCAR
Top Contributed Quizzes in Sports
1
Les meilleurs buteurs des matchs entre le PSG et l’OM
2
2022 World Cup Stars
3
FIFA Club World Cup Champions
4
Les entraîneurs de l'OM et du PSG au 21e siècle
5
Name the Premier League winners with different clubs
6
La finale Lions - Afrique du Sud 2021
7
Criteria MLB: Left Handed Sluggers
8
Les joueurs passés par le LOSC et le RC Lens
9
Players with Multiple 50 Home Run Seasons
10
MLB Players with Two .350 Batting Average Seasons
Explore More
Trending Topics
Marvel
Anime
Harry Potter
Disney
NBA
Kpop
Crossword
Country
Pokémon
The Office
WWE
Soccer
Puzzle
Song
NFL
hide this ad
More By:
Tuck_Epic81
Quiz
Plays
Rating
Category
Featured
Created
NCAA Division II National Football Champions
103
3.50
Sports
Nov 29, 2014
Missouri State Boys Basketball Champions Since 1974
62
5.00
Sports
Dec 24, 2014
Bristol Motor Speedway Top 5 Finishers Since 1980
62
1.00
Sports
Dec 30, 2014
Kansas NASCAR Winners
31
Sports
Nov 8, 2014
Top Five Cup Series Finishers at Chicagoland Speedway
26
Sports
Jan 25, 2015
Go to Creator's Profile
Score Distribution
Quiz Creator Spotlight
Tuck_Epic81
Follow
Send a Message
Quizzes Created
-
Created Quiz Play Count
-
More By This Creator
Popular Quizzes Today
1
Find the Countries of Europe - No Outlines Minefield
2
Find the US States - No Outlines Minefield
3
The Countries of the World
4
Popular People in 1961
5
US States
6
1-10 Letter E Words III
7
Find the US States
8
One Thing in Common: World Cities II
More Sports Quizzes
Royal Rumble Winners
Published
Trending Quizzes
Risky Map Clicking: Least Populous States A-Z
1-10 Letter F Words
1-10 Letter G Words
One Thing in Common: United Kingdom
Risky Map Clicking: Next State Alphabetically
Recently Updated
Leaping Animals
pecheneg
Reality TV Shows (A-Z)
bhenderson79
Rickey Henderson's Hall of Fame Teammates
pecheneg
Champions League XIs: Arsenal
pecheneg
Quick Pick: Celebrities in WWE's Hall of Fame
aduchscher
A-Z Keypad Blitz II
pecheneg
Multiple Oscar Actors
pecheneg
Mystery Phrase Blitz: Oscar 'Best Actors'
pecheneg
F. Scott Fitzgerald Novels
LTH
Pick 3 Villains
ddd62291
Trending Topics
Marvel
Crossword
NBA
Disney
Harry Potter
Kpop
Anime
NFL
Song
Country
The Office
WWE
Puzzle
Soccer
Pokémon
Your Account Isn't Verified!
In order to create a playlist on Sporcle, you need to verify the email address you used during registration. Go to your
Sporcle Settings
to finish the process.
Report this User
Report this user for behavior that violates our
Community Guidelines
.
Details:
Send Report
Go to the Sporcle.com Mobile Site →
Comments